000 00648nam a2200205 a 4500
001 000033097
005 20240412074257.0
008 110817s1985 dr a r 000 0 spa d
040 _aDO-SdBNP
_bspa
_cBNPHU
082 _aRD861.44
_bD542c
100 1 _aDíaz Guerra, Eduardo
_d1954-
_924872
245 1 0 _aCinco letras /
_cEduardo Díaz Guerra.
260 _aSanto Domingo :
_bCasa Teatro,
_c1985.
300 _a110 p. :
_bil. ;
_c21 cm.
586 _aPremio Poesía Casa de Teatro 1984
590 _aInventariado, 2018/BT
650 0 _aPoesía dominicana
_966
650 0 _aLiteratura dominicana.
_967
910 _aValidado. Control de calidad. MFF
999 _c32588
_d32588